[Event "TUR-chT Superleague 2018"]
[Site "Ankara"]
[Date "2018.07.26"]
[Round "2"]
[White "Cheparinov, Ivan"]
[Black "Goganov, Alexey"]
[Result "1-0"]
[WhiteElo "2712"]
[BlackElo "2576"]
[Annotator "TA"]
[PlyCount "141"]
[EventDate "2018.07.25"]
[EventType "team-tourn"]
[EventCountry "TUR"]
[SourceTitle "playchess.com"]
[Source "ChessBase"]
[SourceQuality "1"]

{[%evp 24,141,23,18,13,12,18,0,20,22,41,39,46,41,42,21,18,15,38,15,15,13,24,26,45,52,73,68,107,101,103,105,112,96,114,118,108,123,318,322,481,432,454,442,403,375,356,373,300,289,331,320,287,322,331,327,292,268,353,269,404,388,435,421,458,412,432,419,604,604,603,604,731,732,738,604,1244,1237,1222,1137,2650,2452,2650,2618,2550,2322,2550,1759,29974,29975,29975,29976,29976,29977,29978,29979,29979,29975,29975,29976,29976,29977,29976,29978,29978,29979,29979,29980,29980,29979,29979,29980,29980,29979,29980,29981,29981,29981,29986,29987]} 1. e4 c5 2. Nf3 e6 3. d4 cxd4 4. Nxd4 Nc6 5. Nc3 Qc7 6. g3 a6 7. Bg2 Nf6 8. O-O Bc5 9. Nxc6 dxc6 10. Na4 Ba7 {B47: Sicilian: Taimanov: 5 Nc3 Qc7 6 f4, 6 g3 and 6 Be2} 11. c4 e5 12. c5 Be6 13. Qc2 {LiveBook: 5 Games} O-O 14. Be3 Rad8 15. h3 (15. b4 Qe7 16. f3 Bb8 17. Rfc1 h6 18. Nb6 {½-½ (28) Safarli,E (2657)-Korneev,O (2533) Nakhchivan 2018}) 15... Qd7 $146 ({Predecessor:} 15... Qe7 16. b4 Ne8 17. Qc3 Bb8 18. Nb6 {1-0 (44) Solomunovic,I (2442)-Garic,R (2258) Novi Sad 2008}) 16. Rfd1 Qc8 17. Kh2 Rxd1 18. Rxd1 Rd8 19. Re1 Qd7 20. Bf1 Ne8 21. Qc3 f6 22. Qb4 Qf7 ({But not} 22... Bxa2 $2 23. b3 $18) 23. b3 Kh8 24. Nb2 Bb8 25. Nc4 Bxc4 26. Bxc4 Qe7 27. a3 g6 28. h4 Ng7 29. Re2 {[%cal Be1e2,Be2d2,Bd2d6][%mdl 32]} Ba7 30. Kg2 Rf8 $2 (30... Ne8 $16 31. f3 Rd1) 31. Rd2 $18 f5 (31... a5 $142 32. Qxa5 Bb8) 32. Bg5 Qc7 33. Rd6 {[#] Strongly threatening Qd2.} fxe4 {intending ...Rxf2+.} 34. Bf6 a5 35. Qd2 {Intending Rd7 and mate.} Bxc5 36. Rd7 Qxd7 37. Qxd7 {[%csl Gd7][%cal Rf6g7]} Rxf6 38. Qxb7 Rxf2+ 39. Kh3 Bxa3 40. Qb8+ Rf8 41. Qxe5 Re8 (41... h5 $142 42. Qxe4 Nf5 43. Qxc6 Ne7) 42. Qxa5 Bf8 43. Qc3 Bd6 44. Bf7 Rf8 45. Qxc6 Be7 (45... Ba3 $142 46. Qa6 Bc5) 46. Bc4 e3 47. Qe4 Bf6 48. Qxe3 Nf5 49. Qe6 Bg7 50. b4 {[%cal Bb3b4,Bb4b5][%mdl 32]} Nd4 51. Qd5 Nf5 52. b5 Ne3 53. Qc5 Nxc4 54. Qxc4 {[%mdl 4096] Endgame KQ-KRB} Be5 55. Qe6 Bb8 56. Qe7 {[%cal Re7f8] White mates.} Kg8 {[#]} 57. h5 $1 gxh5 58. Kh4 Rf5 59. Qe6+ Rf7 60. Kxh5 Bc7 61. b6 Bxb6 62. Qxb6 {KQ-KR} Rf5+ 63. Kg4 Rf7 64. Kg5 Kg7 65. Qd4+ Kg8 66. Qd8+ Rf8 67. Qd5+ Kg7 68. Qd4+ Kg8 69. g4 {[%cal Bg3g4,Bg4g5][%mdl 32]} Rf7 70. Kh5 Rf8 71. g5 {Precision: White = 89%, Black = 32%.} 1-0

[Event "TUR-chT Superleague 2018"]
[Site "Ankara"]
[Date "2018.07.26"]
[Round "2"]
[White "Safarli, Eltaj"]
[Black "Erturan, Yakup"]
[Result "1-0"]
[WhiteElo "2667"]
[BlackElo "2378"]
[Annotator "TA"]
[PlyCount "111"]
[EventDate "2018.07.25"]
[EventType "team-tourn"]
[EventCountry "TUR"]
[SourceTitle "playchess.com"]
[Source "ChessBase"]
[SourceQuality "1"]

{[%evp 16,111,29,30,55,20,35,27,35,24,27,10,28,11,38,0,21,31,32,0,19,-9,53,52,52,32,29,0,60,71,81,23,66,65,65,65,65,75,74,72,72,72,77,68,77,81,81,81,81,81,81,81,80,80,178,95,255,262,254,239,303,303,303,303,418,356,750,735,684,583,555,568,540,410,395,387,608,591,518,596,595,598,575,598,569,552,843,835,1029,1016,1004,1059,1029,987,1486,1307,927,840]} 1. e4 c5 2. Nf3 Nc6 3. Bb5 e6 4. O-O Nge7 5. d4 cxd4 6. Nxd4 Qc7 {B30: Sicilian: 2...Nc6 3 Bb5, lines without ...g6} (6... Qb6 7. Nxc6 bxc6 8. Bd3 Ng6 9. c4 Be7 10. Nc3 O-O 11. Na4 Qc7 12. c5 d5 13. cxd6 Bxd6 14. g3 c5 {1-0 (27) Caruana,F (2811)-Lenic,L (2662) chess.com INT 2018}) 7. Nc3 a6 8. Be3 Ng6 9. Be2 {LiveBook: 6 Games} Be7 10. f4 O-O 11. Nb3 b5 12. Qe1 $146 ({Predecessor:} 12. a3 Rb8 13. Qd2 Rd8 14. Rad1 {½-½ (32) Freeman,M (2509)-Schwenck,M (2533) ICCF email 2014}) 12... Bb7 13. Rd1 d6 14. Qf2 Rae8 15. Rd2 Nb8 16. a3 Nd7 17. Rfd1 Rc8 18. g3 Qb8 (18... Nf6 $11) 19. e5 $14 {[%cal Re5d6]} d5 20. Bd4 Qc7 21. h4 {[%cal Bh2h4,Bh4h5][%mdl 32]} Rfe8 (21... f6 $11 22. exf6 Bxf6) 22. h5 Ngf8 23. Bd3 (23. h6 $16) 23... Nc5 24. Nxc5 Bxc5 25. Bxc5 Qxc5 26. Qxc5 Rxc5 27. Ne2 Nd7 28. Nd4 Rc7 29. g4 {[%cal Bg3g4,Bg4g5][%mdl 32]} Nc5 30. g5 g6 31. Kf2 Kf8 32. Ke3 Ke7 33. Rh2 Rec8 34. c3 Nd7 (34... Rg8 $16) 35. Rdh1 (35. hxg6 $18 hxg6 36. Rh7) 35... Nf8 $2 {[#]} (35... Rg8 $16 {was called for.}) 36. hxg6 $18 hxg6 37. Rh8 Bc6 38. Rg8 Bd7 39. Rhh8 Rb7 40. Bxg6 fxg6 $2 (40... Nxg6 41. Rxc8 Bxc8 42. Rxc8 Kd7) 41. Rg7+ Ke8 {[#]} 42. Nxe6 $1 {[%mdl 512]} Bxe6 43. Rxb7 Rd8 44. Rb6 {Strongly threatening Rxe6+.} Kf7 45. Rxa6 Re8 (45... Bg4 $142 46. Ra7+ Bd7) 46. Ra7+ {White is clearly winning.} Re7 47. Ra8 Re8 48. Rxe8 Kxe8 49. Kd4 Ke7 50. Kc5 Bg4 51. Kxb5 Bd7+ 52. Kb6 Ne6 53. Rh7+ Ke8 54. Rh4 d4 55. cxd4 Nxd4 56. Kc5 {Precision: White = 58%, Black = 29%.} 1-0

[Event "TUR-chT Superleague 2018"]
[Site "Ankara"]
[Date "2018.07.26"]
[Round "2"]
[White "Kovalev, Vladislav"]
[Black "Haznedaroglu, Kivanc"]
[Result "1-0"]
[WhiteElo "2655"]
[BlackElo "2472"]
[Annotator "TA"]
[PlyCount "123"]
[EventDate "2018.07.25"]
[EventType "team-tourn"]
[EventCountry "TUR"]
[SourceTitle "playchess.com"]
[Source "ChessBase"]
[SourceQuality "1"]

{[%evp 20,123,28,21,23,0,0,0,8,0,21,16,24,26,19,11,18,18,18,19,21,20,25,0,8,0,0,0,0,0,0,0,-7,-10,-8,-16,-33,-27,-26,-45,7,6,95,8,12,14,99,95,119,112,104,105,231,232,242,242,242,242,242,242,242,242,242,242,242,242,242,242,242,242,303,224,242,242,242,242,242,242,242,242,242,241,245,248,282,282,351,339,317,294,558,558,551,543,762,543,1631,1572,1010,562,4733,2844,2410,2410,29982,29983]} 1. e4 c5 2. Nf3 Nc6 3. Bb5 e6 4. O-O Nge7 5. Re1 a6 6. Bf1 d5 7. exd5 Nxd5 8. d4 Nf6 9. Be3 cxd4 10. Nxd4 Nxd4 11. Qxd4 {LiveBook: 9 Partien. B30: Sizilianisch (Rossolimo-Variante)} Be7 12. c4 (12. Nd2 {feels hotter.} O-O 13. Nc4 Nd5 14. Bd2 Bd7 15. Ba5) 12... Qxd4 13. Bxd4 {Die Stellung ist ausgeglichen.} Bd7 14. Nc3 Bc6 15. a3 O-O 16. b4 Rac8 $146 ({Vorgänger:} 16... Rfd8 17. Bb6 Rd2 18. Re2 Rxe2 19. Bxe2 {1-0 (60) Draskovic,L (2337)-Radovanovic,D (2394) Ulcinj 2014}) 17. h3 Rfd8 18. Bb6 Rd7 19. Rac1 Rd2 20. Be3 Rdd8 21. Bb6 Rd2 22. b5 Be8 $1 23. Be3 Rdd8 24. a4 Bb4 25. Red1 Rxd1 26. Nxd1 Bc5 27. Rb1 Bxe3 28. Nxe3 a5 29. c5 Rxc5 (29... Ne4 $15) 30. Nc4 $11 Nd5 (30... Rc8 $11) 31. Nxa5 (31. Nd6 $16) 31... b6 32. Nc4 Kf8 {[#]} (32... Rc8 $1 $11 {hält das Gleichgewicht.}) 33. a5 $1 $16 Nc3 ({Falsch wäre} 33... Bxb5 $2 34. axb6 Nxb6 35. Nxb6 $18) 34. Rb3 Nxb5 {und nun wäre ...bxa5 stark für Schwarz.} 35. axb6 Bc6 (35... Rc8 $16) 36. Rb4 $18 ({Bloß nicht} 36. Na5 $6 Nd4 $16) 36... Bb7 37. Na5 Nd6 38. Nxb7 Nxb7 {[%mdl 4096] Endspiel KTL-KTS} 39. Ba6 Rc1+ 40. Kh2 Nc5 41. Bc8 Rc2 42. f3 g5 43. b7 Nxb7 44. Bxb7 {KTL-KT} Kg7 45. Be4 Rc5 46. Rb7 h6 47. Kg3 Kg8 48. Bd3 Rd5 49. Bb5 Kf8 50. Rb8+ Ke7 51. Bc6 Rc5 52. Be4 h5 53. h4 f5 54. Rb7+ ({Schwächer ist} 54. hxg5 fxe4 55. Kh4 Rc2 $16) 54... Kf8 $2 {[#]} (54... Kf6 {war angesagt.} 55. hxg5+ Kg6) 55. Bd3 f4+ 56. Kf2 g4 57. Bg6 e5 58. fxg4 hxg4 59. Bf5 g3+ 60. Kf3 Rc1 61. Kg4 Kg8 62. h5 {Precision: Weiß = 71%, Schwarz = 47%.} 1-0

[Event "TUR-chT Superleague 2018"]
[Site "Ankara"]
[Date "2018.07.26"]
[Round "2"]
[White "Kravtsiv, Martyn"]
[Black "Kuzubov, Yuriy"]
[Result "1/2-1/2"]
[WhiteElo "2654"]
[BlackElo "2660"]
[Annotator "TA"]
[PlyCount "54"]
[EventDate "2018.07.25"]
[EventType "team-tourn"]
[EventCountry "TUR"]
[SourceTitle "playchess.com"]
[Source "ChessBase"]
[SourceQuality "1"]

{[%evp 21,54,-8,0,-18,-21,-22,-23,-20,-14,-21,0,-50,-16,-7,-8,-13,-8,-10,0,-9,0,-12,0,0,0,0,0,0,0,-8,0,0,0,-13,0]} 1. d4 Nf6 2. Bf4 d5 3. Nf3 e6 4. e3 c5 5. Nbd2 Nc6 6. c3 Nh5 7. Bg5 {D02: Damenbauernspiele} Qb6 (7... Qc7 8. Ne5 g6 9. Nxc6 bxc6 10. Be2 Rb8 11. Rb1 h6 12. Bh4 g5 13. Bxh5 gxh4 14. O-O Bd6 {1-0 (53) Harikrishna,P (2732)-Navara,D (2727) Prague 2018}) 8. Qb3 h6 9. Bh4 g5 10. Bg3 Nxg3 11. hxg3 Bg7 {LiveBook: 97 Partien} 12. Qa3 $146 ({Vorgänger:} 12. Bd3 c4 13. Qxb6 axb6 14. Bc2 b5 {0-1 (31) Englert,F (2387)-Erdos,V (2593) Karlsruhe 2017}) 12... cxd4 13. Nxd4 Bd7 14. Qb3 Qxb3 15. axb3 Ke7 16. b4 Bxd4 17. exd4 {Die Stellung ist ausgeglichen.} a5 $1 18. bxa5 Nxa5 19. Rc1 f6 20. Be2 Nc6 21. Nb3 Be8 22. Kd2 Ra2 23. Rb1 e5 24. Nc1 Ra8 25. Nb3 Ra2 26. Nc1 Ra8 27. Nb3 Ra2 {Precision: Weiß = 61%, Schwarz = 47%.} 1/2-1/2

[Event "TUR-chT Superleague 2018"]
[Site "Ankara"]
[Date "2018.07.26"]
[Round "2"]
[White "Rakhmanov, Aleksandr"]
[Black "Nihal Sarin"]
[Result "1/2-1/2"]
[WhiteElo "2627"]
[BlackElo "2551"]
[Annotator "TA"]
[PlyCount "116"]
[EventDate "2018.07.25"]
[EventType "team-tourn"]
[EventCountry "TUR"]
[SourceTitle "playchess.com"]
[Source "ChessBase"]
[SourceQuality "1"]

{[%evp 24,116,30,6,38,34,81,4,22,14,17,13,17,20,24,17,18,16,32,27,47,32,44,44,45,44,59,29,36,31,59,54,55,48,74,74,80,72,68,68,102,101,102,96,114,114,136,115,143,89,89,89,104,89,89,85,85,85,85,78,85,80,83,84,84,79,78,64,65,47,70,47,78,50,49,0,77,77,79,54,54,54,75,0,39,38,38,38,38,33,33,33,33,33,33]} 1. d4 Nf6 2. c4 e6 3. Nc3 Bb4 4. e3 O-O 5. Nf3 c5 6. Bd3 d5 7. cxd5 cxd4 8. exd4 Nxd5 9. Qc2 h6 10. O-O Nc6 11. a3 Bd6 12. Re1 {B14: Caro-Kann: Panov-Botvinnik Attack with 5...e6 and 5...g6} Nce7 13. Qe2 {LiveBook: 3 Games} Nf6 14. Ne4 Nf5 {[#]} 15. Nxd6 (15. Bd2 $1 $16) 15... Qxd6 $11 16. Bd2 a5 17. Qe5 {aiming for Bxf5.} Qxe5 18. dxe5 Nd5 19. Rac1 b6 {[#]} 20. Be4 $146 Nfe7 21. Nd4 Bd7 22. h4 {[%cal Bh2h4,Bh4h5][%mdl 32]} Rfc8 23. h5 Rxc1 24. Rxc1 Rd8 25. Bf3 Kf8 26. Kh2 Rc8 27. Rxc8+ Bxc8 28. g4 Bd7 29. Kg3 Nc6 30. Nxc6 Bxc6 $16 {[%mdl 4096] Endgame KBB-KBN} 31. Be2 f6 32. exf6 Nxf6 {White must now prevent ...Ne4+.} 33. Be3 Nd5 {[#]} 34. Bd4 $1 a4 35. Be5 Kf7 36. Bd3 (36. f4 $142) 36... b5 37. Bd4 Kg8 38. Bc2 b4 39. Bd3 bxa3 40. bxa3 Bd7 41. Bc5 Nf6 42. f3 Bc6 43. Bd6 Nd7 44. Kf2 Kf7 45. Ke3 e5 46. Bc7 Ke7 47. Bg6 Bd5 48. Bf5 {And now Bxd7 would win.} Bc6 49. Bg6 Bd5 50. Ba5 Bc6 51. Bb4+ Ke6 52. Bf5+ Kf7 53. Bg6+ Ke6 $1 54. f4 {White is slightly better.} exf4+ 55. Kxf4 Nf6 {Strongly threatening ...Nd5+.} 56. Bf8 Nd5+ 57. Kg3 Ne7 58. Bxg7 Nxg6 {Precision: White = 56%, Black = 51%.} 1/2-1/2

[Event "TUR-chT Superleague 2018"]
[Site "Ankara"]
[Date "2018.07.26"]
[Round "2"]
[White "Abasov, Nijat"]
[Black "Zhigalko, Sergei"]
[Result "1-0"]
[WhiteElo "2623"]
[BlackElo "2616"]
[Annotator "ChessBase"]
[PlyCount "110"]
[EventDate "2018.07.25"]
[EventType "team-tourn"]
[EventCountry "TUR"]
[SourceTitle "playchess.com"]
[Source "ChessBase"]
[SourceQuality "1"]
[TimeControl "40/5400+30:1800+30"]

1. e4 {[%emt 0:00:30]} c5 {[%emt 0:01:00]} 2. Nf3 {[%emt 0:00:30]} Nc6 {[%emt 0:00:30]} 3. Bb5 {[%emt 0:00:00]} d6 {[%emt 0:02:30]} 4. O-O {[%emt 0:01:00]} Bd7 {[%emt 0:00:30]} 5. Re1 {[%emt 0:02:30]} Nf6 {[%emt 0:01:30]} 6. c3 {[%emt 0:00:30]} a6 {[%emt 0:00:30]} 7. Bf1 {[%emt 0:02:30]} Bg4 {[%emt 0:01:30]} 8. h3 {[%emt 0:00:30]} Bxf3 {[%emt 0:00:30]} 9. Qxf3 {[%emt 0:00:00]} e6 {[%emt 0:00:30]} 10. Na3 {[%emt 0:10:00]} Rc8 {[%emt 0:36:30]} 11. Nc2 {[%emt 0:04:30]} d5 {[%emt 0:02:30]} 12. exd5 {[%emt 0:04:30]} Nxd5 {[%emt 0:09:30]} 13. Rd1 {[%emt 0:06:30]} g6 {[%emt 0:15:30]} 14. d4 {[%emt 0:01:30]} cxd4 {[%emt 0:00:30]} 15. Nxd4 {[%emt 0:00:30]} Nxd4 {[%emt 0:00:30]} 16. Rxd4 {[%emt 0:00:00]} Bg7 {[%emt 0:00:00]} 17. Rd1 {[%emt 0:05:00]} Qe7 {[%emt 0:01:00]} 18. Qe4 {[%emt 0:20:30]} Rc7 {[%emt 0:00:30]} 19. Bc4 {[%emt 0:04:30]} Nf6 {[%emt 0:02:30]} 20. Qe2 {[%emt 0:00:30]} O-O {[%emt 0:01:30]} 21. Bf4 {[%emt 0:00:30]} e5 {[%emt 0:00:30]} 22. Be3 {[%emt 0:00:00]} Nh5 {[%emt 0:01:30]} 23. Bb3 {[%emt 0:01:00]} Kh8 {[%emt 0:10:37]} 24. Qd2 {[%emt 0:01:30]} Rfc8 {[%emt 0:06:06]} 25. Bb6 {[%emt 0:02:30]} Rc6 {[%emt 0:00:02]} 26. Bd8 {[%emt 0:00:30]} Qf8 {[%emt 0:01:27]} 27. Qd7 {[%emt 0:00:30]} b5 {[%emt 0:00:19]} 28. Bd5 {[%emt 0:07:30]} Nf6 {[%emt 0:00:35]} 29. Qxf7 {[%emt 0:00:00]} Nxd5 {[%emt 0:00:25]} 30. Qxf8+ {[%emt 0:01:00]} Bxf8 {[%emt 0:00:02]} 31. Rxd5 {[%emt 0:00:30]} b4 {[%emt 0:02:30]} 32. Ba5 {[%emt 0:00:30]} e4 {[%emt 0:00:56]} 33. Rad1 {[%emt 0:05:28]} bxc3 {[%emt 0:01:56]} 34. Bxc3+ {[%emt 0:00:30]} Kg8 {[%emt 0:00:00]} 35. Kf1 {[%emt 0:00:40]} Be7 {[%emt 0:00:00]} 36. Ke2 {[%emt 0:02:47]} h5 {[%emt 0:00:32]} 37. Ke3 {[%emt 0:01:09]} Rc4 {[%emt 0:00:27]} 38. Bd4 {[%emt 0:01:31]} Ra4 {[%emt 0:00:03]} 39. a3 {[%emt 0:00:43]} Rc2 {[%emt 0:00:29]} 40. Rd2 {[%emt 0:00:00]} Rc1 {[%emt 0:02:34]} 41. Kxe4 {[%emt 0:02:42]} h4 {[%emt 0:00:00]} 42. Kf3 {[%emt 0:01:30]} Kf7 {[%emt 0:01:00]} 43. Re2 {[%emt 0:00:30]} Rc7 {[%emt 0:01:30]} 44. Re4 {[%emt 0:01:30]} Rac4 {[%emt 0:00:30]} 45. Be5 {[%emt 0:01:30]} Rxe4 {[%emt 0:00:30]} 46. Kxe4 {[%emt 0:00:30]} Rc2 {[%emt 0:00:30]} 47. Bd4 {[%emt 0:01:30]} Bf6 {[%emt 0:00:30]} 48. Kd3 {[%emt 0:00:30]} Rc1 {[%emt 0:00:30]} 49. Bxf6 {[%emt 0:00:30]} Kxf6 {[%emt 0:00:00]} 50. Ke3 {[%emt 0:06:30]} Rb1 {[%emt 0:04:00]} 51. b4 {[%emt 0:01:30]} Re1+ {[%emt 0:02:30]} 52. Kf3 {[%emt 0:00:30]} Re6 {[%emt 0:00:00]} 53. Kg4 {[%emt 0:02:30]} Re2 {[%emt 0:02:00]} 54. Rd6+ {[%emt 0:01:30]} Ke5 {[%emt 0:00:30]} 55. Rxg6 {[%emt 0:00:30]} Kd5 {[%emt 0:00:30]} 1-0

[Event "TUR-chT Superleague 2018"]
[Site "Ankara"]
[Date "2018.07.26"]
[Round "2"]
[White "Zubov, Alexander"]
[Black "Mamedov, Rauf"]
[Result "1/2-1/2"]
[WhiteElo "2611"]
[BlackElo "2708"]
[Annotator "TA"]
[PlyCount "60"]
[EventDate "2018.07.25"]
[EventType "team-tourn"]
[EventCountry "TUR"]
[SourceTitle "playchess.com"]
[Source "ChessBase"]
[SourceQuality "1"]

{[%evp 19,60,28,53,32,23,20,4,14,10,6,15,11,10,2,11,0,0,0,0,0,0,0,0,0,0,-6,-6,-15,-9,-22,-20,-20,0,0,0,0,0,0,0,0,0,0,0]} 1. d4 d5 2. c4 c6 3. Nf3 Nf6 4. e3 Bf5 5. Nc3 a6 6. Ne5 {D15: Slav Defence: 4 Nc3 a6 and gambit lines after 4 Nc3 dxc4} Nbd7 7. Qb3 Qc7 8. cxd5 Nxe5 9. dxe5 Nxd5 10. Nxd5 cxd5 {LiveBook: 46 Games} 11. Bd2 $1 Qxe5 12. Qxb7 {[#] Threatening mate with Qc6+.} Rb8 {The position is equal.} 13. Qc6+ $146 ({Predecessor:} 13. Qxa6 Qxb2 {0-1 (53) Bocharov,D (2611)-Andreikin,D (2736) Sochi 2016}) 13... Bd7 14. Qc3 Qd6 15. b3 e6 16. Bd3 Rc8 17. Qa5 Qb8 18. O-O ({Don't blunder} 18. Bxa6 $2 Rc5 $19) 18... Bd6 19. h3 Bb5 20. Bxb5+ Qxb5 21. Qxb5+ axb5 22. a4 bxa4 23. Rxa4 Kd7 24. Rb1 Rc7 25. e4 Rb8 26. exd5 exd5 27. Kf1 Rcb7 28. Rd4 Rxb3 29. Rxb3 Rxb3 30. Rxd5 Ke6 {Precision: White = 80%, Black = 80%.} 1/2-1/2

[Event "TUR-chT Superleague 2018"]
[Site "Ankara"]
[Date "2018.07.26"]
[Round "2"]
[White "Mchedlishvili, Mikheil"]
[Black "Baryshpolets, Andrey"]
[Result "1/2-1/2"]
[WhiteElo "2608"]
[BlackElo "2603"]
[Annotator "TA"]
[PlyCount "80"]
[EventDate "2018.07.25"]
[EventType "team-tourn"]
[EventCountry "TUR"]
[SourceTitle "playchess.com"]
[Source "ChessBase"]
[SourceQuality "1"]

{[%evp 14,80,21,0,1,-7,-11,-13,2,0,8,18,20,7,7,8,7,6,5,18,33,39,105,32,26,0,14,-4,-4,-10,0,0,51,36,44,22,52,59,36,0,0,0,8,8,16,11,12,0,3,3,4,6,27,27,27,27,27,27,27,27,27,27,27,27,27,27,27,27,27]} 1. d4 d5 2. c4 e6 3. Nc3 Be7 4. cxd5 exd5 5. Bf4 c6 6. e3 Bf5 7. g4 Be6 8. Qb3 {LiveBook: 4 Partien. D31: Damengambit (Halbslawisch)} b5 $146 ({Vorgänger:} 8... Qb6 9. f3 g5 10. Be5 f6 11. Bg3 Qxb3 12. axb3 h5 13. gxh5 Rxh5 14. Bd3 Kf7 15. h4 f5 {½-½ (42) Kramnik,V (2800)-So,W (2799) Berlin 2018}) 9. Qd1 Nd7 10. Bd3 {Die Stellung ist ausgeglichen.} a6 11. h3 c5 12. dxc5 Nxc5 13. Nf3 Nf6 14. Nd4 Rc8 15. O-O O-O 16. Rc1 Nxd3 17. Qxd3 Nd7 {[#]} (17... Qb6 $14) 18. Nce2 (18. Nxd5 $1 $16 Bxd5 19. Rxc8 Qxc8 20. Nf5) 18... Nc5 19. Qb1 Qb6 20. f3 Bf6 21. Bg3 b4 22. Rfd1 g6 (22... Bd7 $11) 23. Kg2 $14 Bg7 24. b3 Bd7 25. Nf4 $1 {[%cal Rf4d5]} Qb7 26. Nd3 Nxd3 27. Qxd3 Qb6 28. Qd2 Rfe8 29. Rxc8 Rxc8 30. Bf2 Qb7 31. Rc1 a5 32. Bg3 Qb6 33. Rxc8+ {Weiß hat minimalen Vorteil.} Bxc8 34. Qc2 Bd7 $1 35. Qc7 Qxc7 36. Bxc7 Bxd4 37. exd4 a4 38. Bd6 axb3 39. axb3 Bb5 40. Bxb4 f6 {Precision: Weiß = 71%, Schwarz = 51%.} 1/2-1/2

[Event "TUR-chT Superleague 2018"]
[Site "Ankara"]
[Date "2018.07.26"]
[Round "2"]
[White "Bartlomiej, Heberla"]
[Black "Selbes, Tamer Tarik"]
[Result "0-1"]
[WhiteElo "2563"]
[BlackElo "2330"]
[Annotator "TA"]
[PlyCount "116"]
[EventDate "2018.07.25"]
[EventType "team-tourn"]
[EventCountry "TUR"]
[SourceTitle "playchess.com"]
[Source "ChessBase"]
[SourceQuality "1"]

{[%evp 14,116,52,36,42,42,41,40,46,37,67,64,51,59,60,61,48,41,46,47,79,86,92,0,0,0,0,0,20,13,100,106,101,0,0,0,0,0,0,-487,-307,-289,-228,-212,-211,-227,-225,-220,-210,-217,-209,-202,-192,-243,-235,-232,-162,-195,-138,-138,-150,-248,-248,-249,-249,-250,-169,-168,-169,-168,-50,-61,-61,-70,-70,-81,-81,-82,-8,-8,-8,-8,-8,-8,-8,-8,-8,-8,-8,-8,-8,-8,-8,-29972,-29974,-29973,-29974,-29977,-29979,-29979,-29980,-29980,-29981,-29979,-29979]} 1. d4 Nf6 2. c4 g6 3. Nc3 Bg7 4. e4 O-O 5. Bd3 Nc6 6. Nge2 d6 7. O-O a6 8. f3 {LiveBook: 6 Games. E70: King's Indian: Miscellaneous lines with 4 e4, including 5 Nge2 and 5 Bd3 0-0 6 Nge2} Nd7 9. Be3 e5 {[%cal Re5d4]} 10. d5 {White is slightly better.} Nd4 11. Bb1 {[%cal Re2d4]} c5 $146 ({Predecessor:} 11... Nxe2+ 12. Qxe2 Qh4 13. Qd2 f5 14. exf5 gxf5 15. f4 Nf6 {1-0 (29) Marin,M (2530)-Itkis,B (2475) Bucharest 1994}) 12. dxc6 bxc6 13. Nxd4 exd4 14. Bxd4 Ne5 15. c5 Rb8 16. Na4 d5 17. exd5 $1 cxd5 18. f4 (18. Nb6 $16) 18... Bg4 $1 $11 {[%cal Rg4d1]} 19. Qd2 Nc4 $1 {[%cal Rc4d2]} 20. Qc3 Bxd4+ 21. Qxd4 Re8 (21... Bd7 $1 $11 {keeps the balance.}) 22. Bd3 $16 Be2 23. Rf2 (23. Bxc4 $16 dxc4 24. Qxd8 Rbxd8 25. Rf2) 23... Bxd3 $11 24. Qxd3 Re3 25. Qd1 Qa5 {White must now prevent ...Rbe8.} 26. Nc3 $2 {[%mdl 8192]} (26. f5 $11 {and White is okay.} Rbe8 27. fxg6 (27. Qxd5 $2 Re1+ 28. Rf1 Rxa1 $19) 27... Re1+ 28. Rf1 Rxf1+ 29. Qxf1 hxg6 30. b3) 26... Nxb2 27. Qd4 Qxc3 28. Qxc3 Rxc3 29. Rb1 Rxc5 30. Rfxb2 {[#]} Rc1+ $1 {[%mdl 512]} 31. Rxc1 Rxb2 $19 {[%mdl 4096] Endgame KR-KR} 32. a3 Ra2 33. Rd1 (33. Rc3 $142) 33... Rxa3 34. Rxd5 Ra2 35. f5 Kg7 (35... g5 $19 36. g3 Kg7) 36. fxg6 $17 hxg6 37. Rd6 (37. h4 $17) 37... f5 $19 38. h4 a5 39. Kh2 Ra4 40. Kg3 Rg4+ 41. Kh3 a4 (41... Kh6 $1 $19 42. Ra6 Ra4) 42. Ra6 Kf7 43. g3 Ke7 44. Ra5 Ke6 45. Rb5 Kd6 {[#]} (45... Rd4 $17 46. Ra5 Kd6 47. Ra6+ Kc5 48. Rxg6 Rd6) 46. h5 $1 $11 {[%mdl 512]} Kc6 ({Don't take} 46... gxh5 47. Rxf5 Re4 48. Rxh5 $17) 47. Re5 $1 gxh5 {Threatens to win with ...Kb6.} 48. Rxf5 Rb4 {aiming for ...Rb5.} 49. Rxh5 Rb5 50. Rh6+ Kc5 51. Ra6 Kb4 52. g4 a3 {...Ra5 is the strong threat.} 53. Kh4 $2 {[%mdl 8192]} (53. Kg3 $11) 53... Ra5 {Black mates.} 54. Rb6+ Kc3 $1 55. Rc6+ Kd2 $1 56. Rd6+ {[#]} Ke2 $1 57. Re6+ {[#]} Kf2 $1 58. Rf6+ Kg2 {Precision: White = 63%, Black = 63%.} 0-1